[Event "MDA-ch"]
[Site "Kishinev"]
[Date "2007.02.25"]
[Round "9"]
[White "Sanduleac, Vasile"]
[Black "Podgursky, Sten"]
[Result "1-0"]
[WhiteElo "2478"]
[BlackElo "1958"]
[PlyCount "75"]
[EventDate "2007.02.17"]
[EventType "tourn"]
[EventRounds "13"]
[EventCountry "MDA"]
[EventCategory "2"]
[SourceTitle "EXT 2022"]
[Source "ChessBase"]
[SourceDate "2021.10.06"]
[SourceVersion "1"]
[SourceVersionDate "2021.10.06"]
[SourceQuality "1"]

1. e4 c5 2. Nf3 Nc6 3. Bb5 d6 4. Bxc6+ bxc6 5. e5 dxe5 6. Nxe5 Nf6 7. 0-0 e6 8. d3 Qc7 9. Nc4 Be7 10. b3 0-0 11. Bb2 Nd5 12. Nbd2 Bf6 13. Bxf6 Nxf6 14. Qf3 Nd5 15. Qg3 Nf4 16. Rfe1 Ba6 17. Qe3 Rfd8 18. Qxc5 Rd5 19. Qe3 Rg5 20. g3 Nh3+ 21. Kg2 Rh5 22. Qe2 Rh6 23. Qe5 Qd8 24. Ne4 Qd5 25. Qxd5 cxd5 26. Nc5 dxc4 27. Nxa6 cxd3 28. cxd3 e5 29. Nc7 Rc8 30. Rxe5 g5 31. Rc1 g4 32. Rc4 Rg6 33. Nd5 Rxc4 34. dxc4 Kg7 35. Ne3 h5 36. Rxh5 Ng5 37. Nxg4 f5 38. Ne5 1-0

[Event "MDA-ch"]
[Site "Kishinev"]
[Date "2007.02.18"]
[Round "2"]
[White "Bocancea, Dmitrii"]
[Black "Podgursky, Sten"]
[Result "0-1"]
[WhiteElo "2235"]
[BlackElo "1958"]
[PlyCount "190"]
[EventDate "2007.02.17"]
[EventType "tourn"]
[EventRounds "13"]
[EventCountry "MDA"]
[EventCategory "2"]
[SourceTitle "EXT 2022"]
[Source "ChessBase"]
[SourceDate "2021.10.06"]
[SourceVersion "1"]
[SourceVersionDate "2021.10.06"]
[SourceQuality "1"]

1. e4 c5 2. d3 d5 3. exd5 Qxd5 4. Nc3 Qd7 5. Bf4 Nc6 6. Nf3 f6 7. g3 e5 8. Be3 b6 9. Bg2 Bb7 10. 0-0 Nge7 11. a3 g6 12. b4 cxb4 13. axb4 Nxb4 14. d4 e4 15. Nd2 f5 16. Ne2 Bg7 17. c3 Nbd5 18. c4 Nxe3 19. fxe3 0-0 20. Qb3 Kh8 21. Ra2 Nc6 22. Rb1 g5 23. Qb5 Qe7 24. Rf1 Nb4 25. Ra4 a5 26. Qxb6 Ra6 27. Qc5 Qxc5 28. dxc5 Bc6 29. Ra3 Rd8 30. Nb3 Rd3 31. Nec1 Rxe3 32. Rxa5 Rxa5 33. Nxa5 Bd4 34. Kh1 Bxc5 35. Nxc6 Nxc6 36. Rxf5 Ba3 37. Rf1 Ne5 38. Rd1 Nxc4 39. Bh3 Ne5 40. Be6 g4 41. Nb3 Kg7 42. Nd4 Rd3 43. Bb3 Rxd1+ 44. Bxd1 Kf6 45. Kg2 Bc5 46. Ne2 Nc4 47. Ba4 Ke5 48. Kf1 Ne3+ 49. Ke1 Nd5 50. Bd7 h5 51. h3 Nb6 52. hxg4 Nxd7 53. gxh5 Be3 54. Nc3 Nf6 55. Ke2 Bg5 56. Nxe4 Kxe4 57. Kd1 Nxh5 58. Kc2 Kd4 59. Kb3 Be7 60. g4 Nf4 61. g5 Bc5 62. Ka4 Be7 63. Kb5 Kd5 64. Kb6 Bxg5 65. Kb7 Nd3 66. Ka8 Kc6 67. Ka7 Nc5 68. Kb8 Nd7+ 69. Ka8 Kc7 70. Ka7 Nb6 71. Ka6 Kc6 72. Ka7 Bf4 73. Ka6 Bb8 74. Ka5 Nd7 75. Ka6 Nc5+ 76. Ka5 Bc7+ 77. Kb4 Ne4 78. Kc4 Bb6 79. Kd3 Ng3 80. Kc4 Bc5 81. Kc3 Kb5 82. Kb3 Bb4 83. Kb2 Kc4 84. Kc2 Bc3 85. Kc1 Nf5 86. Kd1 Kd3 87. Kc1 Nd6 88. Kb1 Kc4 89. Ka2 Kb4 90. Kb1 Kb3 91. Kc1 Bb4 92. Kb1 Ba3 93. Ka1 Nc4 94. Kb1 Nd2+ 95. Ka1 Bb2# 0-1

[Event "MDA-ch"]
[Site "Kishinev"]
[Date "2007.02.17"]
[Round "1"]
[White "Podgursky, Sten"]
[Black "Petrenko, Svetlana"]
[Result "1/2-1/2"]
[WhiteElo "1958"]
[BlackElo "2319"]
[PlyCount "60"]
[EventDate "2007.02.17"]
[EventType "tourn"]
[EventRounds "13"]
[EventCountry "MDA"]
[EventCategory "2"]
[SourceTitle "EXT 2022"]
[Source "ChessBase"]
[SourceDate "2021.10.06"]
[SourceVersion "1"]
[SourceVersionDate "2021.10.06"]
[SourceQuality "1"]

1. e4 e6 2. d4 d5 3. Nd2 Nf6 4. Bd3 c5 5. dxc5 Bxc5 6. exd5 Qxd5 7. Ngf3 0-0 8. 0-0 Nc6 9. Qe2 Nb4 10. Bc4 Qh5 11. c3 Nbd5 12. Ne4 Nxe4 13. Qxe4 Bd7 14. Qe5 Qxe5 15. Nxe5 Rfd8 16. Bxd5 exd5 17. Nxd7 Rxd7 18. Bf4 Re8 19. Rfe1 Re4 20. Bd2 f5 21. Kf1 d4 22. Rxe4 fxe4 23. cxd4 Bxd4 24. Bc3 Bxc3 25. bxc3 Rd2 26. a4 Rc2 27. Rb1 b6 28. Rb3 Kf7 29. a5 bxa5 30. Ra3 Kf6 1/2-1/2